000
00222nam a2200097Ia 4500
008
190216s9999||||xx |||||||||||||| ||und||
100
_a
Null
245
0
_a
Hindi-Bihari Satasai
260
_b
Abhinav Publications
942
_c
BK
999
_c
17242
_d
17242